[Event "Munich"]
[Site "Munich"]
[Date "1989.??.??"]
[Round "?"]
[White "Hickl, Joerg"]
[Black "Kindermann, Stefan"]
[Result "1/2-1/2"]
[WhiteElo "2500"]
[BlackElo "2515"]
[PlyCount "25"]
[EventDate "1989.04.??"]
[Source "ChessBase"]

1. f4 d5 2. Nf3 Nf6 3. e3 g6 4. d4 Bg7 5. Bd3 O-O 6. O-O c5 7. c3 b6 8. Nbd2 Ba6 9. Bxa6 Nxa6 10. Qa4 Nc7 11. Ne5 Nce8 12. b4 c4 13. b5 1/2-1/2

[Event "Olot"]
[Site "Olot"]
[Date "1972.??.??"]
[Round "?"]
[White "Ljubojevic, Ljubomir"]
[Black "Pomar Salamanca, Arturo"]
[Result "1/2-1/2"]
[WhiteElo "2550"]
[BlackElo "2460"]
[PlyCount "33"]
[EventDate "1972.??.??"]
[Source "www.chesslib.no"]
[SourceDate "2004.05.04"]

1. b3 d5 2. Bb2 Nf6 3. f4 c5 4. e3 Nc6 5. Nf3 g6 6. Bb5 Bd7 7. Nc3 d4 8. Na4 Qa5 9. Qe2 Nb4 10. Bxd7+ Nxd7 11. O-O Bg7 12. exd4 Nxc2 13. Rac1 Nxd4 14. Nxd4 cxd4 15. Ba3 Bf6 16. Qe4 O-O 17. Qxb7 1/2-1/2

[Event "Olot Open"]
[Site "Olot"]
[Date "1994.??.??"]
[Round "?"]
[White "Conquest, Stuart"]
[Black "Luther, Thomas"]
[Result "0-1"]
[WhiteElo "2495"]
[BlackElo "2515"]
[PlyCount "70"]
[EventDate "1994.08.??"]
[Source "www.chesslib.no"]
[SourceDate "2004.05.04"]

1. f4 d5 2. Nf3 Bg4 3. e3 Nd7 4. Be2 Ngf6 5. d4 e6 6. O-O c5 7. Nc3 Bd6 8. a4 O-O 9. h3 Bxf3 10. Bxf3 a6 11. g3 Qc7 12. Bd2 Rac8 13. Kh2 Nb6 14. Ra2 cxd4 15. exd4 Bb4 16. Rf2 Qc4 17. Qe2 Bxc3 18. Qxc4 Rxc4 19. Bxc3 Rfc8 20. Ba5 Rxc2 21. b3 Rxf2+ 22. Rxf2 Nbd7 23. g4 Ne4 24. Bxe4 dxe4 25. d5 exd5 26. Rd2 b6 27. Bb4 a5 28. Be7 Re8 29. Bh4 Nf6 30. g5 e3 31. Rd4 Nh5 32. f5 Re5 33. f6 e2 34. Be1 gxf6 35. gxf6 Nxf6 0-1

[Event "12th open"]
[Site "Kavala"]
[Date "2003.08.14"]
[Round "8"]
[White "Grunberg, Mihai"]
[Black "Kotronias, Vasilios"]
[Result "0-1"]
[WhiteElo "2406"]
[BlackElo "2602"]
[PlyCount "76"]
[EventDate "2003.08.08"]
[Source "Roberto Alvarez"]
[SourceDate "2003.08.18"]

1. f4 Nf6 2. Nf3 g6 3. g3 Bg7 4. Bg2 d5 5. O-O c5 6. d3 Nc6 7. Nc3 d4 8. Na4 Nd7 9. c4 O-O 10. e4 dxe3 11. Bxe3 Qa5 12. a3 Rd8 13. Rb1 Nb6 14. Nxb6 axb6 15. Qe2 Bg4 16. Rfd1 e6 17. h3 Bxf3 18. Bxf3 Bd4 19. Kg2 b5 20. Bxc6 bxc6 21. Rbc1 Qb6 22. Rd2 Ra7 23. Bxd4 Rxd4 24. Qe5 Rad7 25. cxb5 R7d5 26. Qf6 cxb5 27. Qe7 Qc6 28. Kh2 Rxd3 29. Rg2 c4 30. Rcc2 Rd1 31. g4 R5d3 32. Rcf2 Qe4 33. Qe8+ Kg7 34. Qxb5 Rd5 35. Qb4 R1d3 36. Qe7 g5 37. Rg3 Rxg3 38. Kxg3 gxf4+ 0-1

[Event "Pardubice"]
[Site "?"]
[Date "2006.07.23"]
[Round "3"]
[White "Haub Thorsten-Michael"]
[Black "Maslak Konstantin"]
[Result "0-1"]
[WhiteElo "2469"]
[BlackElo "2537"]
[PlyCount "76"]
[EventDate "2006.??.??"]
[Source "www.chesslib.no"]
[SourceDate "2004.05.04"]

1. g3 Nf6 2. Bg2 d5 3. f4 g6 4. Nf3 Bg7 5. O-O O-O 6. Qe1 b5 7. c3 c5 8. d4 Qb6 9. Be3 c4 10. Ne5 Ne4 11. Nd2 Bb7 12. a4 f6 13. Nxe4 dxe4 14. Ng4 h5 15. Nf2 f5 16. axb5 Qxb5 17. g4 hxg4 18. h3 g3 19. Nd1 Bd5 20. Qxg3 Kf7 21. Kh2 Bf6 22. Rg1 Rg8 23. h4 Nc6 24. h5 e6 25. Bh3 gxh5 26. Qf2 a5 27. Rg5 Bxg5 28. fxg5 Ne7 29. Bf4 Ng6 30. Bg3 h4 31. Be5 Nxe5 32. dxe5 Rxg5 33. Ne3 Rag8 34. Rd1 Bc6 35. Qf4 Qxb2 36. Bf1 Qxc3 37. Bh3 Qb2 38. Bf1 Rg4 0-1

[Event "Cup Independence"]
[Site "Kyiv"]
[Date "2004.08.18"]
[Round "8.3"]
[White "Kislinsky, Alexey"]
[Black "Vysochin, Spartak"]
[Result "1/2-1/2"]
[WhiteElo "2402"]
[BlackElo "2599"]
[PlyCount "93"]
[EventDate "2004.08.11"]
[Source "Roberto Alvarez"]
[SourceDate "2004.08.30"]

1. g3 d5 2. f4 Bg4 3. Bg2 e6 4. Nf3 Nd7 5. O-O Bd6 6. h3 Bxf3 7. Rxf3 e5 8. fxe5 Nxe5 9. Rb3 Nf6 10. d4 Nc4 11. Bg5 Be7 12. Nd2 Nd6 13. Bxf6 Bxf6 14. Re3+ Kf8 15. c3 h5 16. Rd3 c6 17. e4 dxe4 18. Nxe4 Nxe4 19. Bxe4 Qe7 20. Qf3 h4 21. g4 Re8 22. Re3 Bg5 23. Re2 Rh6 24. Rae1 Re6 25. Bd3 Qd6 26. Bc4 Qg3+ 27. Qxg3 Rxe2 28. Qd6+ Be7 29. Qd7 Rxe1+ 30. Kf2 Re4 31. Qf5 Bf6 32. g5 b5 33. gxf6 bxc4 34. Qc5+ Kg8 35. Qg5 Re2+ 36. Kf3 R8e3+ 37. Qxe3 Rxe3+ 38. Kxe3 g5 39. Ke4 g4 40. hxg4 Kh7 41. Kf4 Kg6 42. g5 a5 43. Kg4 h3 44. Kxh3 Kxg5 45. b3 cxb3 46. axb3 Kxf6 47. Kg4 1/2-1/2

[Event "Cup Croatia"]
[Site "Oropesa ESP"]
[Date "1996.??.??"]
[Round "?"]
[White "Istratescu, Andrei"]
[Black "Irzhanov, Ruslan"]
[Result "0-1"]
[WhiteElo "2500"]
[BlackElo "2500"]
[PlyCount "172"]
[EventDate "1996.??.??"]
[Source "www.chesslib.no"]
[SourceDate "2004.05.04"]

1. f4 d5 2. Nf3 g6 3. e3 Bg7 4. Be2 Nf6 5. Nc3 O-O 6. O-O c5 7. Ne5 d4 8. Na4 Nbd7 9. c3 dxe3 10. dxe3 Qc7 11. Ng4 b6 12. Bd2 Bb7 13. Nxf6+ Nxf6 14. f5 Rad8 15. Qc2 Be4 16. Qd1 Qc6 17. b3 Bxg2 18. Rf2 Be4 19. fxg6 Bxg6 20. Bf3 Ne4 21. Bxe4 Qxe4 22. Qe2 Rd6 23. Rg2 Rfd8 24. Be1 Rd3 25. Rg3 Bh6 26. Bf2 Rd2 27. Qg4 Qxg4 28. Rxg4 Re2 29. Rh4 Bxe3 30. Bxe3 Rxe3 31. Rf4 Rd2 32. Rf2 Ree2 33. Rxe2 Rxe2 34. h3 Be4 35. Kf1 Rh2 36. Re1 f5 37. Re3 Rxa2 38. c4 Kf7 39. Nc3 Ra1+ 40. Kf2 Bc6 41. Nd5 Bxd5 42. cxd5 Rd1 43. Re5 Rd3 44. Rxf5+ Ke8 45. Rh5 Rxb3 46. h4 a5 47. Rxh7 a4 48. Rh8+ Kd7 49. h5 b5 50. h6 Rh3 51. Kg2 Rh5 52. Kg3 a3 53. Kg4 a2 54. Ra8 Rxh6 55. Rxa2 Rf6 56. Ra5 Kd6 57. Rxb5 Kxd5 58. Kg5 Rf1 59. Rb2 c4 60. Rd2+ Kc5 61. Re2 c3 62. Rxe7 Kc4 63. Rc7+ Kd3 64. Rd7+ Ke2 65. Rc7 Kd2 66. Rd7+ Kc1 67. Kg6 c2 68. Rd8 Rf3 69. Kg7 Kb2 70. Rb8+ Rb3 71. Rf8 c1=Q 72. Rf2+ Ka3 73. Rf5 Rb7+ 74. Kg6 Qc6+ 75. Kg5 Rb5 76. Rxb5 Qxb5+ 77. Kf6 Qd5 78. Ke7 Qc6 79. Kf7 Kb4 80. Ke7 Kc5 81. Kf7 Kd5 82. Ke7 Qe6+ 83. Kf8 Qd7 84. Kg8 Ke6 85. Kh8 Kf6 86. Kg8 Qg7# 0-1

[Event "Lloyds Bank Open"]
[Site "London ENG"]
[Date "1994.??.??"]
[Round "8"]
[White "Norwood, David"]
[Black "Gufeld, Eduard E"]
[Result "1-0"]
[WhiteElo "2525"]
[BlackElo "2475"]
[PlyCount "82"]
[EventDate "1994.08.??"]
[Source "www.chesslib.no"]
[SourceDate "2004.05.04"]

1. g3 g6 2. Bg2 Bg7 3. f4 d5 4. Nf3 Nd7 5. O-O e5 6. fxe5 Nxe5 7. Nxe5 Bxe5 8. d4 Bg7 9. Nc3 c6 10. e4 dxe4 11. Nxe4 Qxd4+ 12. Qxd4 Bxd4+ 13. Kh1 Be6 14. c3 Be5 15. Nc5 Bd5 16. Bxd5 cxd5 17. Bg5 f6 18. Rae1 O-O-O 19. Rxe5 fxe5 20. Bxd8 Kxd8 21. Rf8+ Ke7 22. Ra8 b6 23. Nd3 Kf6 24. Kg2 g5 25. Nb4 d4 26. cxd4 exd4 27. Kf3 Ke6 28. Nc6 a5 29. Nxd4+ Ke5 30. Ke3 g4 31. Rf8 h5 32. Ne2 h4 33. Nf4 hxg3 34. hxg3 Kd6 35. a4 Rh7 36. Rxg8 Rc7 37. Rxg4 Rc4 38. Rg6+ Kd7 39. Nd5 Rc2 40. Kd4 b5 41. axb5 Rxb2 1-0

[Event "SWE AM2001"]
[Site "?"]
[Date "2001.??.??"]
[Round "8"]
[White "Marklinder Allan"]
[Black "Friborg Johan"]
[Result "1/2-1/2"]
[WhiteElo "2500"]
[BlackElo "2500"]
[PlyCount "70"]
[EventDate "2001.??.??"]
[Source "www.chesslib.no"]
[SourceDate "2004.05.04"]

1. f4 d5 2. b3 Nf6 3. Nf3 b6 4. Bb2 e6 5. e3 Be7 6. Be2 Bb7 7. O-O O-O 8. Ne5 Ne4 9. d3 Nd6 10. Bg4 f5 11. Be2 Nf7 12. Nf3 Bf6 13. d4 Nd7 14. Nbd2 Rc8 15. Ba3 Be7 16. Bxe7 Qxe7 17. a3 Nf6 18. h3 c6 19. Qe1 Nd6 20. Qh4 Qe8 21. Bd3 Nde4 22. Bxe4 dxe4 23. Ne5 Nd7 24. Ndc4 Nxe5 25. Nxe5 Qd8 26. Qf2 Qe7 27. c4 Rfd8 28. b4 a6 29. c5 b5 30. g4 g6 31. Qg2 Kg7 32. g5 Rh8 33. Kh2 Rcf8 34. Qg3 h5 35. h4 Ra8 1/2-1/2

[Event "Reykjavik Open"]
[Site "Reykjavik ISL"]
[Date "1990.??.??"]
[Round "6"]
[White "Mortensen, Erling"]
[Black "Ivanov, Alexander"]
[Result "0-1"]
[WhiteElo "2480"]
[BlackElo "2520"]
[PlyCount "68"]
[EventDate "1990.03.??"]
[Source "www.chesslib.no"]
[SourceDate "2004.05.04"]

1. f4 g6 2. Nf3 d5 3. g3 Bg7 4. Bg2 Nc6 5. O-O Bg4 6. Nc3 Qd7 7. d3 O-O-O 8. Ng5 e6 9. h3 Bd4+ 10. Kh2 h5 11. Qe1 f6 12. Nf3 Bxf3 13. Bxf3 Nh6 14. Kg2 g5 15. fxg5 fxg5 16. Bxg5 Rdg8 17. Bf4 Nf5 18. e4 e5 19. exf5 exf4 20. Bxd5 Bxc3 21. Bxg8 Bxe1 22. Be6 Bxg3 23. c3 Re8 24. Bxd7+ Kxd7 25. d4 Ne7 26. f6 Nf5 27. Kh1 Re2 28. Rf3 Nh4 29. Rd3 f3 30. f7 Rh2+ 31. Kg1 f2+ 32. Kf1 Rh1+ 33. Ke2 Re1+ 34. Kd2 f1=Q 0-1

[Event "Chigorin Mem Open, St Petersburg RUS"]
[Site "?"]
[Date "2001.??.??"]
[Round "9"]
[White "Egorov, E."]
[Black "Burmakin, V."]
[Result "1-0"]
[WhiteElo "2415"]
[BlackElo "2585"]
[PlyCount "113"]
[EventDate "2001.??.??"]
[Source "www.chesslib.no"]
[SourceDate "2004.05.04"]

1. f4 d5 2. Nf3 g6 3. g3 Bg7 4. Bg2 c6 5. O-O Qb6+ 6. d4 Nh6 7. c4 c5 8. Nc3 cxd4 9. Nxd5 Qd8 10. e4 dxe3 11. Bxe3 Nf5 12. Bf2 Nc6 13. Re1 O-O 14. g4 Nd6 15. c5 e6 16. Bh4 Qd7 17. Nf6+ Bxf6 18. Bxf6 Ne8 19. Bc3 Qxd1 20. Raxd1 Nc7 21. Ng5 Nd5 22. Bxd5 exd5 23. Rxd5 Bxg4 24. Ne4 Bf5 25. Nf6+ Kg7 26. Ne8+ Kg8 27. Nf6+ Kg7 28. Nd7+ Kh6 29. Nxf8 Rxf8 30. b4 a6 31. a4 Rc8 32. Kf2 Rc7 33. Rd6 Ne7 34. Bf6 Nc6 35. Bc3 Ne7 36. Re3 Be6 37. Bf6 Kh5 38. Rdxe6 fxe6 39. Rh3+ Kg4 40. Rxh7 Nd5 41. Rxc7 Nxc7 42. Be5 Nd5 43. b5 axb5 44. axb5 Kf5 45. Bd6 b6 46. cxb6 Nxb6 47. Bc7 Nc4 48. Kf3 Kf6 49. Ke4 Ke7 50. Kd4 Nd2 51. Kc5 Kd7 52. Be5 Ne4+ 53. Kb6 g5 54. fxg5 Nxg5 55. h4 Nf7 56. Bg3 e5 57. Ka6 1-0

[Event "Stockholm"]
[Site "Stockholm"]
[Date "1990.??.??"]
[Round "?"]
[White "Karlsson, Lars"]
[Black "Cramling, Pia"]
[Result "1-0"]
[WhiteElo "2495"]
[BlackElo "2505"]
[PlyCount "119"]
[EventDate "1990.??.??"]
[Source "ChessBase"]

1. f4 d5 2. Nf3 g6 3. g3 Bg7 4. Bg2 c5 5. d3 d4 6. O-O Nc6 7. c4 Nh6 8. Na3 Nf5 9. Nc2 O-O 10. Ng5 Qc7 11. Qe1 Nd6 12. b4 cxb4 13. Nxb4 Nxb4 14. Qxb4 Rb8 15. c5 Nf5 16. Bd2 Bd7 17. Qa3 a6 18. Rab1 Bb5 19. Rfc1 h6 20. Ne4 Bc6 21. Qb3 Qd7 22. Qd1 Rfc8 23. Rb4 h5 24. Qf1 e6 25. Ng5 Bf8 26. Bxc6 Rxc6 27. Ne4 Be7 28. Qf2 Qd8 29. h3 Qf8 30. g4 hxg4 31. hxg4 Ne3 32. g5 Rxc5 33. Rxd4 Rxc1+ 34. Bxc1 Ng4 35. Qh4 f5 36. gxf6 Nxf6 37. Qg3 Qg7 38. Rc4 Nxe4 39. dxe4 Rd8 40. Be3 Bd6 41. Bd4 Qh6 42. Qg4 Kf7 43. e3 Rg8 44. Rc2 Qh5 45. Qxh5 gxh5+ 46. Kh2 e5 47. fxe5 Bb8 48. Rf2+ Ke7 49. Rf5 Rh8 50. Rf6 Bc7 51. Kh3 Ke8 52. e6 Bd6 53. Rf7 Rg8 54. Bg7 Be7 55. e5 h4 56. e4 Bf8 57. Bf6 Rg3+ 58. Kxh4 Re3 59. Rc7 Rxe4+ 60. Kh5 1-0

[Event "FRG Ch int 4th"]
[Site "Bad Lauterberg GER"]
[Date "1977.??.??"]
[Round "3"]
[White "Huebner, Robert"]
[Black "Hermann, Manfred"]
[Result "1-0"]
[WhiteElo "2600"]
[BlackElo "2400"]
[PlyCount "77"]
[EventDate "1977.03.??"]
[Source "www.chesslib.no"]
[SourceDate "2004.05.04"]

1. g3 d5 2. Bg2 c6 3. f4 g6 4. Nf3 Bg7 5. d3 Bg4 6. Nbd2 Nd7 7. e4 e6 8. h3 Bxf3 9. Qxf3 Ne7 10. O-O Bxb2 11. Bxb2 Qb6+ 12. d4 Qxb2 13. Qd3 Qb6 14. c4 dxe4 15. Nxe4 O-O 16. Rab1 Qc7 17. Rfc1 Nf5 18. d5 Qa5 19. dxc6 Nc5 20. Nf6+ Kg7 21. Qe2 Qd8 22. cxb7 Rb8 23. Ng4 f6 24. Kh2 h5 25. Nf2 Qc7 26. h4 e5 27. fxe5 fxe5 28. Nd3 Nxd3 29. Qxd3 Rfd8 30. Qc3 Rd4 31. Re1 Kh7 32. Re4 Rbd8 33. c5 Nh6 34. Rxd4 exd4 35. Qb3 Ng4+ 36. Kh1 Rb8 37. Rf1 Kh6 38. Qf7 Qxc5 39. Qf4+ 1-0